| 000 | 01424nam a22003857a 4500 | ||
|---|---|---|---|
| 003 | CHAP | ||
| 005 | 20220329134300.0 | ||
| 008 | 971013s1994 r 00010 d | ||
| 010 | _a18083 | ||
| 011 | _a19055 | ||
| 035 | _a23140 | ||
| 040 | _cCHAP | ||
| 090 | _aTesis | ||
| 100 | 0 | 0 |
_aVázquez Martínez, Salvador. _9120427 |
| 245 | _aPlaneación regional. Generación de un patron óptimo de cultivos en el DDR 07 de Tecamachalco, Puebla | ||
| 260 |
_aChapingo, Méx. : _bEl autor, _c1994 |
||
| 300 |
_a83 h. _e+ anexo |
||
| 502 | _aTesis (Ing. Agr. Esp. en Economía Agrícola) -- UACH. Departamento de Economía Agrícola | ||
| 590 |
_aALEPH _b10 _c20130110 _lUCH01 _h1241 |
||
| 590 |
_aBATCH-UPD _b10 _c20130110 _lUCH01 _h1623 |
||
| 590 |
_aBATCH-UPD _b10 _c20130410 _lUCH01 _h1017 |
||
| 590 |
_aBATCH-UPD _b10 _c20130914 _lUCH01 _h1117 |
||
| 590 |
_aCONVERSION _b10 _c20130109 _lUCH01 _h1311 |
||
| 650 | 1 | 4 |
_aCultivos _xPuebla. _930314 |
| 650 | 1 | 4 |
_aCultivos _xRendimiento. _930318 |
| 650 | 1 | 4 |
_aDistrito de Desarrollo Rural Tecamachalco, Pue. _932813 |
| 650 | 1 | 4 |
_aPlaneación regional _xPuebla. _988719 |
| 650 | 1 | 4 |
_aPolítica agrícola _xPuebla. _990353 |
| 650 | 1 | 4 |
_aProgramación lineal. _992371 |
| 901 | _aBK | ||
| 942 | _cFOLL | ||
| 949 |
_bBC _cTES _d-53968 _eTS1 _h26963 _i23140 _si |
||
| 949 |
_bBC _cTES _d33724000694824 _eTS2 _fc.2 _h26964 _i23140 _si |
||
| 949 |
_bBC _cTES _d33724000694832 _eTS2 _fc.3 _h26965 _i23140 _si |
||
| 999 |
_c18083 _d18083 |
||